Bộ luật tố tụng hình sự của Nước Cộng Hòa Xã Hội Chủ Nghĩa Việt Nam
Lệnh chủ tịch nước về việc công bố Bộ luật tố tụng hình sự và giới thiệu Bộ luật tố tụng hình sự gồm 346 điều đã được Quốc hội Nước CHXHCN VN thông qua ngày 21 / 10 - 26 / 11 năm 2003
Kaydedildi:
| Kurumsal yazarlar: | , |
|---|---|
| Materyal Türü: | Kitap |
| Baskı/Yayın Bilgisi: |
H.
Chính trị quốc gia
1996
|
| Konular: | |
| Etiketler: |
Etiketle
Etiket eklenmemiş, İlk siz ekleyin!
|
| Thư viện lưu trữ: | Trung tâm Học liệu Lê Vũ Hùng, Trường Đại học Đồng Tháp |
|---|
| LEADER | 01171pam a22002418a 4500 | ||
|---|---|---|---|
| 001 | 00000806 | ||
| 005 | 20171026081022.0 | ||
| 008 | 110323s1996 ||||||Viesd | ||
| 041 | 0 | # | |a Vie |
| 082 | 1 | 4 | |a 345.597 |b B450L |
| 110 | 1 | # | |a Luật lệ sắc lệnh |b Việt Nam |
| 245 | 0 | 0 | |a Bộ luật tố tụng hình sự của Nước Cộng Hòa Xã Hội Chủ Nghĩa Việt Nam |
| 260 | # | # | |a H. |b Chính trị quốc gia |c 1996 |
| 300 | # | # | |a 179 tr. |c 19 cm. |
| 520 | 3 | # | |a Lệnh chủ tịch nước về việc công bố Bộ luật tố tụng hình sự và giới thiệu Bộ luật tố tụng hình sự gồm 346 điều đã được Quốc hội Nước CHXHCN VN thông qua ngày 21 / 10 - 26 / 11 năm 2003 |
| 650 | # | 4 | |a Pháp luật |
| 653 | # | # | |a Bộ luật |a Luật tố tụng hình sự |a Pháp luật |a Việt Nam |
| 710 | |a Luật lệ sắc lệnh | ||
| 852 | # | # | |b Kho đọc |j KD.0000713 |
| 852 | # | # | |j KD.0000713 |
| 910 | |d 23/03/2011 | ||
| 980 | # | # | |a Trung tâm Học liệu Lê Vũ Hùng, Trường Đại học Đồng Tháp |